MARC

LEADER 00000nam0a2200000 4500
001 85195
005 20231101213413.0
035 |a (RuTPU)RU\TPU\book\91538 
090 |a 85195 
100 |a 20051110d2005 m y0engy50 ba 
101 0 |a eng 
102 |a RU 
105 |a a j 001zy 
200 1 |a Methods of nuclear analysis of solids by charged particle beams  |e textbook  |f Yu. Yu. Kryuchkov  |g TPU 
210 |a Tomsk  |c TPU Edition  |d 2005 
215 |a 264 p.  |c il. 
320 |a Literatur: p. 210 
606 1 |a Физика твердого тела  |2 stltpush  |3 (RuTPU)RU\TPU\subj\63727  |9 80702 
610 1 |a ядерная физика 
610 1 |a физика 
610 1 |a твердые тела 
610 1 |a ядерные частицы 
610 1 |a взаимодействие 
610 1 |a английский язык 
610 1 |a учебные пособия 
675 |a 539.2:539.1(075.8)  |v 3 
700 1 |a Kryuchkov  |b Yu. Yu. 
712 0 2 |a Tomsk Polytechnic University (TPU)  |2 stltpush  |3 (RuTPU)RU\TPU\col\452 
801 1 |a RU  |b 63413507  |c 20051110  |g PSBO 
801 2 |a RU  |b 63413507  |c 20150305  |g PSBO 
942 |c BK